[Event "Campeonato de España Universitario 2006"]
[Site "Madrid ESP "]
[Date "2006.05.07"]
[Round "6.4"]
[White "Perez Candelario, Manuel"]
[Black "Piay Augusto, Diego"]
[Result "1-0"]
[WhiteElo "2511"]
[BlackElo "2235"]
[PlyCount "63"]
[EventDate "2006.05.06"]
[EventType "swiss"]
[EventRounds "9"]
[EventCountry "ESP"]
[Source "lmi"]
[SourceDate "2006.05.10"]

1. e4 d5 2. exd5 Nf6 3. d4 Nxd5 4. c4 Nb6 5. Nc3 g6 6. c5 N6d7 7. Nf3 Bg7 8.
Bc4 O-O 9. O-O b6 10. Re1 h6 11. Bf4 Bb7 12. Nd5 Bxd5 13. Bxd5 c6 14. cxb6 Nxb6
15. Bb3 Nd5 16. Be5 Nd7 17. Rc1 Nxe5 18. Nxe5 Bxe5 19. dxe5 Nb4 20. Qg4 Nd5 21.
Rxc6 Kh7 22. Rd1 e6 23. Rd6 Qb8 24. Bxd5 exd5 25. b3 Re8 26. Qd7 Kg8 27. e6
Rxe6 28. Rxe6 fxe6 29. Qxe6+ Kg7 30. Rxd5 Qf4 31. g3 Qc1+ 32. Kg2 1-0

[Event "Campeonato de España Universitario 2006"]
[Site "Madrid ESP "]
[Date "2006.05.07"]
[Round "6.5"]
[White "Herraiz Hidalgo, Herminio"]
[Black "Baches Garcia, Guillem"]
[Result "0-1"]
[WhiteElo "2492"]
[BlackElo "2379"]
[PlyCount "71"]
[EventDate "2006.05.06"]
[EventType "swiss"]
[EventRounds "9"]
[EventCountry "ESP"]
[Source "lmi"]
[SourceDate "2006.05.10"]

1. e4 e6 2. Nf3 d5 3. exd5 exd5 4. d4 Nf6 5. Bd3 c5 6. O-O c4 7. Re1+ Be7 8.
Bf1 O-O 9. b3 cxb3 10. axb3 Nc6 11. c3 Bf5 12. Na3 Rc8 13. Nc2 Re8 14. Ne3 Bg6
15. Bb2 Bd6 16. g3 Bb8 17. Bg2 h6 18. Nh4 Bh7 19. Nhf5 Na5 20. Bh3 Qb6 21.
Nxh6+ gxh6 22. Bxc8 Nxb3 23. Ra3 Na5 24. Bc1 Bd6 25. Ra2 Kh8 26. Qf3 Bf8 27.
Bf5 Bxf5 28. Qxf5 Nc4 29. Rae2 Qe6 30. Qxe6 Rxe6 31. Nxc4 Rxe2 32. Rxe2 dxc4
33. Bf4 Nd5 34. Re8 Kg7 35. Bd2 b5 36. Rb8 0-1

[Event "Campeonato de España Universitario 2006"]
[Site "Madrid ESP "]
[Date "2006.05.07"]
[Round "6.6"]
[White "Ibarra Jerez, Jose Carlos"]
[Black "Garcia Mendoza, Francisco"]
[Result "1-0"]
[WhiteElo "2445"]
[BlackElo "2124"]
[PlyCount "75"]
[EventDate "2006.05.06"]
[EventType "swiss"]
[EventRounds "9"]
[EventCountry "ESP"]
[Source "lmi"]
[SourceDate "2006.05.10"]

1. e4 c5 2. Nf3 Nc6 3. d4 cxd4 4. Nxd4 Nf6 5. Nc3 e5 6. Ndb5 d6 7. Bg5 a6 8.
Na3 b5 9. Bxf6 gxf6 10. Nd5 f5 11. g3 Bg7 12. Bg2 fxe4 13. Bxe4 Ra7 14. Qh5 Ne7
15. Nxe7 Qxe7 16. O-O Bb7 17. Bxb7 Rxb7 18. c3 O-O 19. Nc2 Qe6 20. Rad1 f5 21.
Nb4 a5 22. Nd5 f4 23. Rfe1 Bh6 24. Re4 Rg7 25. Rd3 Kh8 26. Kg2 Rg5 27. Qd1 Qf5
28. Qe2 Rh5 29. g4 Rg5 30. f3 Qf7 31. a3 a4 32. Rb4 Qd7 33. h3 Rg7 34. Rd2 Rb8
35. c4 Rf7 36. cxb5 Re8 37. b6 Qc6 38. Rc4 1-0

[Event "Campeonato de España Universitario 2006"]
[Site "Madrid ESP "]
[Date "2006.05.07"]
[Round "6.7"]
[White "Llaneza Vega, Marcos"]
[Black "Reinaldo Castiñeira, Roi"]
[Result "0-1"]
[WhiteElo "2361"]
[BlackElo "2445"]
[PlyCount "100"]
[EventDate "2006.05.06"]
[EventType "swiss"]
[EventRounds "9"]
[EventCountry "ESP"]
[Source "lmi"]
[SourceDate "2006.05.10"]

1. e4 c5 2. Nf3 e6 3. d4 cxd4 4. Nxd4 a6 5. c4 Nf6 6. Nc3 Qc7 7. a3 b6 8. Be3
Bb7 9. f3 d6 10. Be2 Nbd7 11. O-O Be7 12. Qd2 O-O 13. Rfc1 Rac8 14. Bf1 Qb8 15.
b4 Rfe8 16. Qf2 Bf8 17. Nb3 d5 18. cxd5 exd5 19. Nxd5 Nxd5 20. Rxc8 Qxc8 21.
exd5 Qc3 22. Bxb6 Qxb3 23. Rc1 Qxa3 24. Rc7 Nxb6 25. Rxb7 Nxd5 26. Qd4 Nxb4 27.
Rxf7 Nc2 28. Rxf8+ Kxf8 29. Qf4+ Kg8 30. Qc4+ Kh8 31. Qxc2 a5 32. h4 Qe3+ 33.
Kh2 Qf4+ 34. Kh3 Qe5 35. Bd3 g6 36. Be4 Kg7 37. g4 Re7 38. Qc6 Rc7 39. Qa8 h5
40. g5 Rc1 41. Qb7+ Kf8 42. Qa8+ Kg7 43. Qa7+ Kf8 44. Qa8+ Ke7 45. f4 Qxf4 46.
Qb7+ Qc7 47. Qd5 Rc3+ 48. Kg2 Qg3+ 49. Kf1 Rc1+ 50. Ke2 Re1+ 0-1

[Event "Campeonato de España Universitario 2006"]
[Site "Madrid ESP "]
[Date "2006.05.07"]
[Round "6.8"]
[White "Ruiz Marana, Alejandro"]
[Black "Alcazar Jimenez, Victor"]
[Result "1-0"]
[WhiteElo "2130"]
[BlackElo "2423"]
[PlyCount "58"]
[EventDate "2006.05.06"]
[EventType "swiss"]
[EventRounds "9"]
[EventCountry "ESP"]
[Source "lmi"]
[SourceDate "2006.05.10"]

1. e4 c5 2. Nc3 Nc6 3. f4 g6 4. Nf3 Bg7 5. Bc4 e6 6. f5 Nge7 7. fxe6 fxe6 8. d3
d5 9. Bb3 b5 10. exd5 exd5 11. O-O c4 12. dxc4 dxc4 13. Qxd8+ Nxd8 14. Nxb5
cxb3 15. Nc7+ Kd7 16. Nxa8 bxc2 17. Rf2 Bb7 18. Rxc2 Nd5 19. Nc7 Nxc7 20. Be3
Nde6 21. Bxa7 Nd5 22. a3 Ra8 23. Bf2 Ra4 24. Re1 Nef4 25. Rd2 Bf6 26. Bd4 Bxd4+
27. Nxd4 Rc4 28. Nf3 Kd6 29. Ng5 Kc5 1-0

[Event "Campeonato de España Universitario 2006"]
[Site "Madrid ESP "]
[Date "2006.05.07"]
[Round "6.9"]
[White "Martinez Martin, David"]
[Black "Navarro Ortiz de Ortuño, Borja"]
[Result "0-1"]
[WhiteElo "2397"]
[BlackElo "2250"]
[PlyCount "98"]
[EventDate "2006.05.06"]
[EventType "swiss"]
[EventRounds "9"]
[EventCountry "ESP"]
[Source "lmi"]
[SourceDate "2006.05.10"]

1. d4 d5 2. c4 c6 3. Nc3 Nf6 4. Nf3 e6 5. Bg5 Be7 6. e3 O-O 7. Qc2 Nbd7 8. cxd5
exd5 9. Bd3 h6 10. Bh4 b6 11. O-O Bb7 12. Rac1 c5 13. Rfd1 Re8 14. Bg3 c4 15.
Bf5 Nh5 16. Qa4 Nf8 17. Ne5 Nxg3 18. hxg3 Bf6 19. f4 a6 20. Bb1 g6 21. Qc2 Bg7
22. Kf2 b5 23. Ne2 Qe7 24. Qd2 Rad8 25. Ng1 Kh7 26. Ngf3 f6 27. Nxg6 Nxg6 28.
Nh4 f5 29. Bxf5 Rd6 30. Bb1 Qf7 31. Rh1 Re4 32. Bxe4 dxe4 33. Nxg6 Qxg6 34. Qe2
Bc8 35. Qh5 Bf5 36. b3 Qxh5 37. Rxh5 Kg6 38. g4 Bxg4 39. Rc5 Be6 40. g4 Bd5 41.
Kg3 Bf6 42. bxc4 Bxc4 43. a4 Rd7 44. Rc6 Ra7 45. R1xc4 bxc4 46. Rxc4 Rb7 47.
f5+ Kg5 48. d5 Be5+ 49. Kh3 Rb2 0-1

[Event "Campeonato de España Universitario 2006"]
[Site "Madrid ESP "]
[Date "2006.05.07"]
[Round "6.10"]
[White "Andres Gonzalez, Ivan"]
[Black "Alcazar Jimenez, Jesus"]
[Result "1/2-1/2"]
[WhiteElo "2330"]
[BlackElo "2316"]
[PlyCount "98"]
[EventDate "2006.05.06"]
[EventType "swiss"]
[EventRounds "9"]
[EventCountry "ESP"]
[Source "lmi"]
[SourceDate "2006.05.10"]

1. e4 c5 2. Nf3 d6 3. d4 cxd4 4. Nxd4 Nf6 5. Nc3 a6 6. Be2 e5 7. Nb3 Be7 8. O-O
O-O 9. f4 Qc7 10. Be3 exf4 11. Bxf4 Nc6 12. Kh1 Be6 13. Nd4 Ne5 14. Nf5 Bxf5
15. exf5 Rac8 16. Bxe5 dxe5 17. Bd3 Rfd8 18. Qe2 Rd4 19. Ne4 Rcd8 20. Nxf6+
Bxf6 21. Be4 Qb6 22. b3 Qb4 23. c4 b5 24. Bd5 e4 25. Rad1 bxc4 26. bxc4 Re8 27.
Rb1 Qf8 28. Rb7 Re7 29. Rfb1 Be5 30. g3 g6 31. fxg6 hxg6 32. R1b6 Kg7 33. Qf2
Rd1+ 34. Kg2 Bc3 35. Rxe7 Qxe7 36. Rb7 Qxb7 37. Bxb7 Rd2 38. Qxd2 Bxd2 39. Bxe4
f5 40. Bb7 a5 41. c5 Be3 42. c6 Bb6 43. Bc8 Kf6 44. Kf3 Ke5 45. h4 Bc7 46. Bb7
Kf6 47. Bc8 g5 48. h5 g4+ 49. Kf2 Kg5 1/2-1/2

[Event "Campeonato de España Universitario 2006"]
[Site "Madrid ESP "]
[Date "2006.05.07"]
[Round "6.11"]
[White "Gomez Peco, Pablo"]
[Black "Lopez del Alamo, Antonio"]
[Result "1/2-1/2"]
[WhiteElo "2174"]
[BlackElo "2300"]
[PlyCount "77"]
[EventDate "2006.05.06"]
[EventType "swiss"]
[EventRounds "9"]
[EventCountry "ESP"]
[Source "lmi"]
[SourceDate "2006.05.10"]

1. d4 Nf6 2. c4 g6 3. Nc3 Bg7 4. e4 d6 5. Nf3 O-O 6. Be2 e5 7. dxe5 dxe5 8.
Qxd8 Rxd8 9. Bg5 Nbd7 10. O-O-O Rf8 11. Nd5 c6 12. Ne7+ Kh8 13. Be3 Re8 14.
Nxc8 Raxc8 15. g4 Nf8 16. Nd2 Ne6 17. g5 Nh5 18. Bg4 Nhf4 19. Nf3 Rcd8 20. Bxe6
Nxe6 21. Rxd8 Rxd8 22. Bxa7 Ra8 23. Be3 Rxa2 24. Kb1 Ra8 25. Rd1 Rd8 26. Rxd8+
Nxd8 27. Kc2 Kg8 28. Bc5 f5 29. gxf6 Bxf6 30. Bd6 Nf7 31. Bc7 Kf8 32. Kd3 Ke7
33. Bb6 Ke6 34. Nd2 Ng5 35. Nb3 Kd7 36. Na5 Kc8 37. Be3 Ne6 38. c5 Nd8 39. Nc4
1/2-1/2

[Event "Campeonato de España Universitario 2006"]
[Site "Madrid ESP "]
[Date "2006.05.07"]
[Round "6.12"]
[White "Prieto Aranguren, Alain"]
[Black "Martin Perez, Javier"]
[Result "0-1"]
[WhiteElo "2142"]
[BlackElo "2283"]
[PlyCount "82"]
[EventDate "2006.05.06"]
[EventType "swiss"]
[EventRounds "9"]
[EventCountry "ESP"]
[Source "lmi"]
[SourceDate "2006.05.10"]

1. e4 e6 2. d4 d5 3. e5 c5 4. c3 Qb6 5. Nf3 Nc6 6. a3 c4 7. Be2 Na5 8. Nbd2 Bd7
9. O-O Ne7 10. Nh4 Ng6 11. Nxg6 hxg6 12. h3 Be7 13. Rb1 O-O-O 14. Qe1 f6 15.
Bd1 Qc7 16. Nf3 g5 17. Nh2 Rdf8 18. f4 Nc6 19. Nf3 g4 20. hxg4 fxe5 21. fxe5
Qd8 22. Bc2 Bh4 23. g3 Be7 24. Kg2 Qe8 25. Bf4 Qf7 26. Ng5 Qe8 27. Qd2 Nd8 28.
Rh1 Ba4 29. Rbf1 Bxc2 30. Qxc2 Rxh1 31. Rxh1 Bxg5 32. Bxg5 Qf7 33. Bf4 Nc6 34.
g5 Ne7 35. Qf2 Qf5 36. Rf1 Rh8 37. Qf3 Ng6 38. Kg1 Nxf4 39. gxf4 Rh3 40. Qe2
Rg3+ 41. Kf2 Qh3 0-1

[Event "Campeonato de España Universitario 2006"]
[Site "Madrid ESP "]
[Date "2006.05.07"]
[Round "6.13"]
[White "Gutierrez Jimenez, Juan Manuel"]
[Black "Garcia Brion, Eduardo"]
[Result "0-1"]
[WhiteElo "2281"]
[BlackElo "2170"]
[PlyCount "71"]
[EventDate "2006.05.06"]
[EventType "swiss"]
[EventRounds "9"]
[EventCountry "ESP"]
[Source "lmi"]
[SourceDate "2006.05.10"]

1. e4 e5 2. Nf3 Nc6 3. Bb5 f5 4. Nc3 Nf6 5. d3 fxe4 6. Nxe4 d5 7. Nxf6+ Qxf6 8.
Bg5 Qf5 9. O-O Bd6 10. c4 O-O 11. cxd5 Nd4 12. Nxd4 exd4 13. Bh4 Kh8 14. Bc4
Bd7 15. Bg3 Qg6 16. Rc1 b5 17. Bb3 Bf5 18. Qd2 h5 19. Rfd1 Rae8 20. Re1 Bxd3
21. Red1 Be4 22. Bc2 h4 23. Bxe4 Rxe4 24. Bxd6 cxd6 25. h3 Ref4 26. Rf1 Qf7 27.
Rc6 Qxd5 28. Ra6 R8f7 29. Rxa7 R7f6 30. b3 Rg6 31. f3 Rxf3 32. Rxf3 Qxf3 33.
Rd7 Qxh3 34. Rxd6 Rg3 35. Rd8+ Kh7 36. Qe2 0-1

[Event "Campeonato de España Universitario 2006"]
[Site "Madrid ESP "]
[Date "2006.05.07"]
[Round "6.14"]
[White "Burguete Archel, Eduardo"]
[Black "Llaneza Vega, Patricia"]
[Result "0-1"]
[WhiteElo "2138"]
[BlackElo "2276"]
[PlyCount "94"]
[EventDate "2006.05.06"]
[EventType "swiss"]
[EventRounds "9"]
[EventCountry "ESP"]
[Source "lmi"]
[SourceDate "2006.05.10"]

1. e4 c5 2. Nf3 Nc6 3. Nc3 Nf6 4. d4 cxd4 5. Nxd4 e5 6. Ndb5 d6 7. Bg5 a6 8.
Na3 b5 9. Bxf6 gxf6 10. Nd5 f5 11. c3 Bg7 12. exf5 Bxf5 13. Nc2 O-O 14. Nce3
Bg6 15. a4 bxa4 16. Rxa4 f5 17. Bxa6 f4 18. Nc4 Qg5 19. O-O e4 20. Bb5 Rxa4 21.
Bxa4 Ne5 22. Nxe5 Bxe5 23. f3 exf3 24. Qxf3 Bh5 25. Qf2 Kh8 26. Bd1 f3 27. g3
Bg7 28. Nf4 Rxf4 29. Qe3 Rf5 30. Qxg5 Rxg5 31. Bxf3 Bg6 32. Ra1 Be5 33. Ra8+
Kg7 34. g4 Bf4 35. Ra7+ Kf6 36. Kg2 Rb5 37. b4 Be5 38. Rc7 Kg5 39. h3 Rb6 40.
Be2 Be4+ 41. Kf2 d5 42. Rc8 Kh4 43. Ke3 Kxh3 44. b5 Bg6 45. Rc5 Rd6 46. Kf3 Bg3
47. c4 Rf6+ 0-1

[Event "Campeonato de España Universitario 2006"]
[Site "Madrid ESP "]
[Date "2006.05.07"]
[Round "6.15"]
[White "Fernandez Gil, Marco Antonio"]
[Black "Gallardo Fernandez, Cesar"]
[Result "1/2-1/2"]
[WhiteElo "2268"]
[BlackElo "2140"]
[PlyCount "71"]
[EventDate "2006.05.06"]
[EventType "swiss"]
[EventRounds "9"]
[EventCountry "ESP"]
[Source "lmi"]
[SourceDate "2006.05.10"]

1. e4 e6 2. d4 d5 3. exd5 exd5 4. Nf3 Nc6 5. Bb5 Bd6 6. c4 dxc4 7. d5 a6 8. Ba4
b5 9. dxc6 bxa4 10. Qxa4 Qe7+ 11. Be3 Bc5 12. O-O Bxe3 13. fxe3 Qxe3+ 14. Kh1
Be6 15. Nbd2 Qc5 16. Rac1 Ne7 17. Nxc4 Qb5 18. Qxb5 axb5 19. Na3 b4 20. Nb5 Nd5
21. a3 O-O 22. Nfd4 Rfb8 23. axb4 Ra4 24. Ra1 Rxb4 25. b3 h6 26. Ra5 Ne3 27.
Rf3 Nf5 28. Nxe6 fxe6 29. Nxc7 Rxb3 30. Rxb3 Rxb3 31. g4 Nd4 32. Rc5 Rb2 33.
Rc3 Rb6 34. Nxe6 Nxe6 35. c7 Nxc7 36. Rxc7 1/2-1/2

[Event "Campeonato de España Universitario 2006"]
[Site "Madrid ESP "]
[Date "2006.05.08"]
[Round "7.2"]
[White "Camarena Gimenez, Rufino"]
[Black "Perez Candelario, Manuel"]
[Result "1/2-1/2"]
[WhiteElo "2342"]
[BlackElo "2511"]
[PlyCount "125"]
[EventDate "2006.05.06"]
[EventType "swiss"]
[EventRounds "9"]
[EventCountry "ESP"]
[Source "lmi"]
[SourceDate "2006.05.10"]

1. Nf3 d5 2. c4 e6 3. d4 Nf6 4. Nc3 dxc4 5. e3 c5 6. Bxc4 a6 7. O-O b5 8. Bd3
Bb7 9. dxc5 Bxc5 10. Qe2 Nbd7 11. e4 Qb8 12. a3 O-O 13. Bg5 h6 14. Be3 Bd6 15.
h3 Rd8 16. Rad1 Ne5 17. Nxe5 Bxe5 18. Bd2 Bh2+ 19. Kh1 Bf4 20. Bxf4 Qxf4 21. g3
Qc7 22. Kh2 e5 23. Bb1 Rd4 24. Rxd4 exd4 25. Nd5 Nxd5 26. exd5 Bxd5 27. Qd3 g6
28. Qxd4 Bc4 29. Re1 Qd8 30. Rd1 Qg5 31. Be4 Re8 32. Bf3 a5 33. Rd2 Kh7 34. Qf4
Qxf4 35. gxf4 Kg7 36. Rd7 Kf6 37. Bd5 Re7 38. Rd6+ Kg7 39. Bxc4 bxc4 40. Rd5
Re2 41. Kg3 a4 42. Ra5 Rxb2 43. Rxa4 Rb3+ 44. Kg2 c3 45. Ra6 c2 46. Rc6 Rb2 47.
a4 Ra2 48. a5 Rxa5 49. Rxc2 Kf6 50. Rc3 Kf5 51. Kf3 f6 52. Rb3 g5 53. fxg5 hxg5
54. Rc3 Ra4 55. Rc5+ Kg6 56. Rc3 Kh5 57. Kg3 f5 58. Rb3 Ra1 59. Kg2 f4 60. Rb6
Ra3 61. Rc6 Rd3 62. Ra6 Rc3 63. Rb6 1/2-1/2

[Event "Campeonato de España Universitario 2006"]
[Site "Madrid ESP "]
[Date "2006.05.08"]
[Round "7.3"]
[White "Baches Garcia, Guillermo"]
[Black "Ibarra Jerez, Jose Carlos"]
[Result "0-1"]
[WhiteElo "2379"]
[BlackElo "2445"]
[PlyCount "88"]
[EventDate "2006.05.06"]
[EventType "swiss"]
[EventRounds "9"]
[EventCountry "ESP"]
[Source "lmi"]
[SourceDate "2006.05.10"]

1. e4 c5 2. Nf3 Nf6 3. e5 Nd5 4. Nc3 e6 5. Ne4 Nc6 6. c4 Nb6 7. d4 cxd4 8. c5
Nd5 9. Bg5 Qc7 10. Nd6+ Bxd6 11. cxd6 Qb6 12. Bc4 Qb4+ 13. Nd2 Nb6 14. a3 Qa5
15. O-O Qxe5 16. f4 Qxd6 17. Bd3 f5 18. g4 O-O 19. gxf5 exf5 20. Qb3+ Qe6 21.
Nc4 d6 22. Rae1 Qf7 23. Qb5 Kh8 24. Nxd6 Qg6 25. Qc5 Nd7 26. Qd5 Nf6 27. Qg2
Ng4 28. Nxc8 Raxc8 29. Qxg4 fxg4 30. Bxg6 hxg6 31. Re6 Kh7 32. Rd6 Rf7 33. b4
a6 34. Rc1 Rcc7 35. Rc5 Rf5 36. Rc4 Rff7 37. a4 Rcd7 38. Rxd7 Rxd7 39. Kf2 d3
40. Ke1 Nd4 41. Kd1 Nf3 42. b5 Nxh2 43. b6 g3 44. Bh4 Ng4 0-1

[Event "Campeonato de España Universitario 2006"]
[Site "Madrid ESP "]
[Date "2006.05.08"]
[Round "7.5"]
[White "Navarro Ortiz de Ortuño, Borja"]
[Black "Llanes Hurtado, Miguel"]
[Result "1/2-1/2"]
[WhiteElo "2250"]
[BlackElo "2435"]
[PlyCount "80"]
[EventDate "2006.05.06"]
[EventType "swiss"]
[EventRounds "9"]
[EventCountry "ESP"]
[Source "lmi"]
[SourceDate "2006.05.10"]

1. d4 d5 2. Nf3 c6 3. c4 e6 4. Nbd2 Nf6 5. g3 c5 6. cxd5 Nxd5 7. Ne4 cxd4 8.
Nxd4 Qb6 9. a3 Bd7 10. Bg2 Nc6 11. Nxc6 Bxc6 12. O-O Be7 13. Qc2 O-O 14. Bg5
Bxg5 15. Nxg5 Nf6 16. Bxc6 Rac8 17. Rac1 Rxc6 18. Qd2 Rfc8 19. e3 Qc7 20. Rxc6
Qxc6 21. Qd4 h6 22. Nh3 Qc5 23. Qxc5 Rxc5 24. f3 g5 25. g4 Nd5 26. e4 Ne3 27.
Re1 Nc4 28. Rc1 Rc6 29. Rc2 Ne5 30. Rxc6 bxc6 31. Kf2 Nc4 32. b3 Nxa3 33. Ke3
c5 34. Kd3 Kf8 35. f4 gxf4 36. Nxf4 Ke7 37. e5 f6 38. exf6+ Kxf6 39. h4 a5 40.
g5+ hxg5 1/2-1/2

[Event "Campeonato de España Universitario 2006"]
[Site "Madrid ESP "]
[Date "2006.05.08"]
[Round "7.6"]
[White "Llaneza Vega, Patricia"]
[Black "Franco Alonso, Alejandro"]
[Result "1/2-1/2"]
[WhiteElo "2276"]
[BlackElo "2421"]
[PlyCount "123"]
[EventDate "2006.05.06"]
[EventType "swiss"]
[EventRounds "9"]
[EventCountry "ESP"]
[Source "lmi"]
[SourceDate "2006.05.10"]

1. e4 c5 2. Nf3 e6 3. d4 cxd4 4. Nxd4 Nf6 5. Nc3 d6 6. Be3 a6 7. g4 h6 8. Bg2
Be7 9. f4 Nfd7 10. Qf3 g5 11. Rf1 Rf8 12. O-O-O gxf4 13. Bxf4 Bg5 14. Kb1 Bxf4
15. Qxf4 Ne5 16. Qxh6 Nxg4 17. Qh3 Ne5 18. Qg3 Nbc6 19. h4 Bd7 20. Nf3 Qe7 21.
Nd5 exd5 22. exd5 O-O-O 23. dxc6 Bxc6 24. Ng5 Kb8 25. Bxc6 Nxc6 26. Rfe1 Ne5
27. b3 Qc7 28. Qf2 Rc8 29. Ne4 Rfd8 30. Nf6 Qa5 31. Nd5 Qc5 32. Qg2 Rg8 33. Qe2
Rh8 34. h5 Nc6 35. Nf6 Ka8 36. Ne4 Qxh5 37. Qxh5 Rxh5 38. Nxd6 Rf8 39. Rf1 f6
40. Rf4 Rh2 41. Rdf1 Rh6 42. Nc4 Kb8 43. Nb6 Ka7 44. Nd7 Rd8 45. Nxf6 Rf8 46.
Ng4 Rxf4 47. Rxf4 Rh4 48. Re4 Ne5 49. Nf6 Rh6 50. Nd5 Nc6 51. Kb2 Rh2 52. a4
Rd2 53. Nf4 a5 54. Re2 Rd4 55. Ne6 Rh4 56. Rd2 Kb6 57. Ng5 Rf4 58. Ne6 Rh4 59.
Rd5 Rh2 60. Rb5+ Ka7 61. Rc5 Kb8 62. Nf4 1/2-1/2

[Event "Campeonato de España Universitario 2006"]
[Site "Madrid ESP "]
[Date "2006.05.08"]
[Round "7.7"]
[White "Baron Rodriguez, Jesus"]
[Black "Lorente Peñalba, Diego"]
[Result "1-0"]
[WhiteElo "2402"]
[BlackElo "2136"]
[PlyCount "69"]
[EventDate "2006.05.06"]
[EventType "swiss"]
[EventRounds "9"]
[EventCountry "ESP"]
[Source "lmi"]
[SourceDate "2006.05.10"]

1. e4 c5 2. Nc3 Nc6 3. f4 g6 4. Nf3 Bg7 5. Bb5 e6 6. Bxc6 bxc6 7. e5 d5 8. O-O
Ne7 9. b3 O-O 10. Ba3 Ba6 11. Re1 c4 12. Na4 Re8 13. Kh1 Qa5 14. Qc1 Bf8 15.
Nc5 Nf5 16. b4 Qb5 17. g4 Bxc5 18. bxc5 Ng7 19. Nd4 Qa4 20. Qb2 Rab8 21. Qc3
Bc8 22. Rab1 Bd7 23. Bb4 Rb7 24. a3 Reb8 25. Rbd1 Ra8 26. Ba5 Rab8 27. Kg2 Rb2
28. Bc7 R8b7 29. Bd8 Ra2 30. Re3 Rbb2 31. Rc1 Bc8 32. Bf6 Bd7 33. Bxg7 Kxg7 34.
f5 exf5 35. e6 1-0

[Event "Campeonato de España Universitario 2006"]
[Site "Madrid ESP "]
[Date "2006.05.08"]
[Round "7.8"]
[White "Garcia Brion, Eduardo"]
[Black "Andres Gonzalez, Ivan"]
[Result "0-1"]
[WhiteElo "2170"]
[BlackElo "2330"]
[PlyCount "100"]
[EventDate "2006.05.06"]
[EventType "swiss"]
[EventRounds "9"]
[EventCountry "ESP"]
[Source "lmi"]
[SourceDate "2006.05.10"]

1. e4 c5 2. Nf3 Nc6 3. d4 cxd4 4. Nxd4 Nf6 5. Nc3 e6 6. Be3 Bb4 7. Bd3 d5 8.
Nxc6 bxc6 9. e5 d4 10. exf6 dxe3 11. O-O exf2+ 12. Kh1 Bxc3 13. bxc3 Qxf6 14.
Qd2 O-O 15. Rxf2 Qe7 16. Qe2 Qc5 17. Raf1 f5 18. Bc4 Kh8 19. Bxe6 g6 20. Qc4
Qxc4 21. Bxc4 Re8 22. Rd2 Be6 23. Bxe6 Rxe6 24. g4 Rf8 25. gxf5 Rxf5 26. Rxf5
gxf5 27. Rd8+ Kg7 28. Rd7+ Kg6 29. Rxa7 Re1+ 30. Kg2 Re2+ 31. Kg3 Rxc2 32. Ra3
Kf6 33. Rb3 Ke5 34. a4 Ra2 35. Rb4 Ra3 36. Rc4 Kd5 37. Rd4+ Kc5 38. Kf4 Rxc3
39. Rd2 Rc4+ 40. Kxf5 Rxa4 41. Kg5 Ra7 42. h4 Kb4 43. h5 c5 44. Kh6 c4 45. Rd8
Rb7 46. Rh8 c3 47. Rxh7 Rxh7+ 48. Kxh7 c2 49. h6 c1=Q 50. Kg7 Qg5+ 0-1

[Event "Campeonato de España Universitario 2006"]
[Site "Madrid ESP "]
[Date "2006.05.08"]
[Round "7.9"]
[White "Martin Perez, Javier"]
[Black "Bermejo Martinez, Jorge"]
[Result "1/2-1/2"]
[WhiteElo "2283"]
[BlackElo "2216"]
[PlyCount "69"]
[EventDate "2006.05.06"]
[EventType "swiss"]
[EventRounds "9"]
[EventCountry "ESP"]
[Source "lmi"]
[SourceDate "2006.05.10"]

1. e4 e6 2. d4 d5 3. Nc3 Nf6 4. Bg5 dxe4 5. Nxe4 Be7 6. Bxf6 Bxf6 7. Nf3 O-O 8.
c3 Nd7 9. Bd3 b6 10. Qe2 Bb7 11. O-O-O Qe7 12. h4 c5 13. Nfg5 g6 14. Nxf6+ Qxf6
15. Ne4 Qf4+ 16. Kb1 cxd4 17. cxd4 Bxe4 18. Bxe4 Rad8 19. g3 Qd6 20. h5 f5 21.
hxg6 hxg6 22. Bc2 Nf6 23. Qe3 Qe7 24. Rh6 Kf7 25. Rdh1 Rg8 26. Bb3 Rg7 27. Re1
Rd6 28. Rh8 Nd5 29. Qe5 Nb4 30. Ra8 Nd3 31. Bxe6+ Rxe6 32. Qxe6+ Qxe6 33. Rxa7+
Kf8 34. Ra8+ Kf7 35. Ra7+ 1/2-1/2

[Event "Campeonato de España Universitario 2006"]
[Site "Madrid ESP "]
[Date "2006.05.08"]
[Round "7.10"]
[White "Herraiz Hidalgo, Herminio"]
[Black "Rodriguez Fontecha, Marcos"]
[Result "1-0"]
[WhiteElo "2492"]
[BlackElo "2193"]
[PlyCount "101"]
[EventDate "2006.05.06"]
[EventType "swiss"]
[EventRounds "9"]
[EventCountry "ESP"]
[Source "lmi"]
[SourceDate "2006.05.10"]

1. d4 d5 2. c4 c6 3. Nf3 Nf6 4. e3 Bg4 5. Qb3 Qb6 6. Nc3 e6 7. Bd2 Nbd7 8. Be2
Bxf3 9. gxf3 Be7 10. O-O-O Qxb3 11. axb3 c5 12. cxd5 exd5 13. Kb1 O-O 14. dxc5
Nxc5 15. Be1 Rfd8 16. b4 Ne6 17. Nb5 d4 18. Nxd4 Nxd4 19. Rxd4 Rxd4 20. exd4
Nd5 21. b5 Nf4 22. Bc4 Rc8 23. b3 Bf6 24. Bd2 Ne6 25. Bxe6 fxe6 26. Be3 Rd8 27.
Rc1 Rd7 28. Rc4 Kf7 29. Kc2 Ke7 30. f4 Kd8 31. Ra4 b6 32. Kc3 Kc8 33. Rc4+ Kb7
34. Rc6 Rd5 35. Kc4 Rxb5 36. Rxe6 Rh5 37. d5 Rxh2 38. Bd4 Bd8 39. Re8 Bh4 40.
Rg8 Bxf2 41. Rxg7+ Ka6 42. d6 b5+ 43. Kd5 Bxd4 44. Kxd4 Kb6 45. Ke5 a5 46. Rg8
Rd2 47. f5 a4 48. bxa4 bxa4 49. f6 a3 50. f7 a2 51. Ra8 1-0

[Event "Campeonato de España Universitario 2006"]
[Site "Madrid ESP "]
[Date "2006.05.08"]
[Round "7.11"]
[White "Alcazar Jimenez, Victor"]
[Black "Jimenez Martinez, Jose Vicente"]
[Result "1-0"]
[WhiteElo "2423"]
[BlackElo "2178"]
[PlyCount "63"]
[EventDate "2006.05.06"]
[EventType "swiss"]
[EventRounds "9"]
[EventCountry "ESP"]
[Source "lmi"]
[SourceDate "2006.05.10"]

1. e4 d6 2. d4 g6 3. Nc3 Bg7 4. Be3 a6 5. Qd2 Nd7 6. Nf3 b5 7. a4 b4 8. Ne2 Rb8
9. Ng3 c5 10. c3 bxc3 11. bxc3 Qa5 12. Bd3 cxd4 13. cxd4 Qxd2+ 14. Nxd2 Nc5 15.
Be2 Rb4 16. Nc4 Nb3 17. Rb1 Nxd4 18. Rxb4 Nc2+ 19. Kd2 Nxb4 20. Rb1 Nc6 21. Nb6
Bd7 22. Nxd7 Kxd7 23. Bxa6 Nf6 24. Rb7+ Ke6 25. Rc7 Ne5 26. Bc8+ Ned7 27. a5
Rd8 28. a6 Ne8 29. Bxd7+ Rxd7 30. Rc8 d5 31. a7 Nc7 32. Rxc7 1-0

[Event "Campeonato de España Universitario 2006"]
[Site "Madrid ESP "]
[Date "2006.05.08"]
[Round "7.12"]
[White "Vidal del Rio, Manuel"]
[Black "Martinez Martin, David"]
[Result "0-1"]
[WhiteElo "2178"]
[BlackElo "2397"]
[PlyCount "96"]
[EventDate "2006.05.06"]
[EventType "swiss"]
[EventRounds "9"]
[EventCountry "ESP"]
[Source "lmi"]
[SourceDate "2006.05.10"]

1. e4 e6 2. d3 d5 3. Nd2 Nf6 4. Ngf3 Bc5 5. Be2 Nc6 6. O-O O-O 7. c3 dxe4 8.
dxe4 a6 9. e5 Nd7 10. Ne4 Be7 11. Bf4 Nc5 12. Nxc5 Qxd1 13. Rfxd1 Bxc5 14. a4
Ba7 15. a5 b5 16. axb6 Bxb6 17. Nd2 Bb7 18. Bf3 Na5 19. Ne4 Bd5 20. b4 Nc4 21.
Nd2 Bxf3 22. Nxf3 a5 23. b5 Rfd8 24. Kf1 Rxd1+ 25. Rxd1 Na3 26. Ra1 Nxb5 27. c4
Nd4 28. Nxd4 Bxd4 29. Ra4 Bc3 30. Ke2 Rd8 31. Be3 Bb4 32. Ra1 c5 33. f4 Kf8 34.
g4 Ke7 35. f5 Ra8 36. Kd3 h5 37. h3 hxg4 38. hxg4 Rh8 39. Ra2 Rh3 40. Ke4 Rh1
41. Kd3 Rb1 42. Rf2 Rb3+ 43. Ke4 Rc3 44. f6+ gxf6 45. exf6+ Ke8 46. Rh2 Rxc4+
47. Kf3 e5 48. g5 Rc3 0-1